[Event "FIDE World Cup Mexico Qual"]
[Site "Mexico City"]
[Date "2021.05.30"]
[Round "8"]
[White "Molina Mendoza, Omar"]
[Black "De Dios Suarez, Diego Anastacio"]
[Result "1-0"]
[WhiteElo "2177"]
[BlackElo "1902"]
[PlyCount "71"]
[EventDate "2021.05.26"]
[EventType "swiss"]
[EventRounds "9"]
[EventCountry "MEX"]
[SourceTitle "CBM 202 Extra"]
[Source "ChessBase"]
[SourceDate "2021.07.31"]
[SourceVersion "1"]
[SourceVersionDate "2021.07.31"]
[SourceQuality "1"]

1. Nf3 Nf6 2. b3 e6 3. Bb2 b6 4. g3 Bb7 5. Bg2 Be7 6. 0-0 0-0 7. c4 d5 8. d3 c5 9. e3 Nc6 10. Nc3 Rc8 11. Rc1 Ba8 12. cxd5 Nxd5 13. Nxd5 exd5 14. d4 Bf6 15. Qd2 Qe7 16. Rfd1 Nd8 17. dxc5 bxc5 18. Ne1 Ne6 19. Bxd5 Rfd8 20. e4 Bxd5 21. exd5 Bxb2 22. Qxb2 Nd4 23. Rd2 Re8 24. Kg2 Qg5 25. f3 Qxd5 26. b4 Rxe1 27. Rxe1 Qxf3+ 28. Kg1 Qd5 29. Rf2 cxb4 30. Ref1 Qc5 31. Rd1 Rd8 32. Qc2 Qb6 33. Qe4 a5 34. h3 Qd6 35. Kh2 Nf3+ 36. Qxf3 1-0

[Event "FIDE World Cup Mexico Qual"]
[Site "Mexico City"]
[Date "2021.05.29"]
[Round "7"]
[White "De Dios Suarez, Diego Anastacio"]
[Black "Avila Bautista, Roberto Al"]
[Result "0-1"]
[WhiteElo "1902"]
[BlackElo "2040"]
[PlyCount "116"]
[EventDate "2021.05.26"]
[EventType "swiss"]
[EventRounds "9"]
[EventCountry "MEX"]
[SourceTitle "CBM 202 Extra"]
[Source "ChessBase"]
[SourceDate "2021.07.31"]
[SourceVersion "1"]
[SourceVersionDate "2021.07.31"]
[SourceQuality "1"]

1. e4 c5 2. Nf3 g6 3. d4 cxd4 4. Nxd4 Bg7 5. c4 Nc6 6. Be3 Nf6 7. Nc3 Ng4 8. Qxg4 Nxd4 9. Qd1 Ne6 10. Rc1 b6 11. Be2 Bb7 12. f3 0-0 13. 0-0 Be5 14. Qd2 Qb8 15. f4 Bxc3 16. Rxc3 Bxe4 17. Qxd7 Re8 18. Bg4 Ng7 19. Bf3 Bxf3 20. Rxf3 Nf5 21. Qd5 Rd8 22. Qe4 Qd6 23. c5 Qd1+ 24. Rf1 Qe2 25. g4 Qxg4+ 26. Qg2 Nxe3 27. Rxe3 Qf5 28. Re5 Qd7 29. c6 Qd6 30. Rc1 Rac8 31. Qe4 e6 32. Qc4 Qd4+ 33. Qxd4 Rxd4 34. Re3 Kf8 35. c7 Rxf4 36. Ra3 a5 37. Rb3 Rb4 38. Rxb4 axb4 39. Rc6 b3 40. a4 Ke7 41. Rxb6 Rxc7 42. Rxb3 Rc4 43. a5 Kd6 44. Rb6+ Kc7 45. b4 Rc6 46. Rxc6+ Kxc6 47. h4 h5 48. Kf2 f6 49. a6 Kb6 50. b5 g5 51. Kg3 g4 52. Kf4 f5 53. Kg3 e5 54. Kf2 f4 55. Kg2 e4 56. Kf2 f3 57. Kf1 g3 58. Kg1 e3 0-1

[Event "FIDE World Cup Mexico Qual"]
[Site "Mexico City"]
[Date "2021.05.28"]
[Round "4"]
[White "Figueredo Losada, Leonel"]
[Black "De Dios Suarez, Diego Anastacio"]
[Result "1-0"]
[WhiteElo "2369"]
[BlackElo "1902"]
[PlyCount "77"]
[EventDate "2021.05.26"]
[EventType "swiss"]
[EventRounds "9"]
[EventCountry "MEX"]
[SourceTitle "CBM 202 Extra"]
[Source "ChessBase"]
[SourceDate "2021.07.31"]
[SourceVersion "1"]
[SourceVersionDate "2021.07.31"]
[SourceQuality "1"]

1. e4 c6 2. Ne2 d5 3. e5 Bf5 4. Ng3 Bg6 5. h4 f6 6. d4 e6 7. h5 Bf7 8. f4 Nd7 9. c3 Nh6 10. Bd3 Be7 11. 0-0 f5 12. Qe2 Bh4 13. Nxf5 exf5 14. e6 0-0 15. exf7+ Rxf7 16. Qf3 Nf6 17. g3 Nfg4 18. Kg2 Be7 19. Nd2 Bd6 20. Re1 Re7 21. Rxe7 Qxe7 22. Qe2 Qf7 23. Nf3 Qxh5 24. Qe6+ Kh8 25. Qxd6 Nf2 26. Kxf2 Qh1 27. Ne5 Re8 28. Qd7 Qh2+ 29. Ke1 Qxg3+ 30. Kd2 Qf2+ 31. Kd1 Rf8 32. Qe7 Kg8 33. Bd2 Qg1+ 34. Be1 Qe3 35. Qe6+ Nf7 36. Kc2 Qxf4 37. Bd2 Qh2 38. Bxf5 Qh5 39. Nxf7 1-0

[Event "Pan American-ch U14"]
[Site "Cali"]
[Date "2015.07.01"]
[Round "5"]
[White "Acosta Vazquez, Eros Fabian"]
[Black "De Dios Suarez, Diego Anastacio"]
[Result "1/2-1/2"]
[WhiteElo "1367"]
[BlackElo "1794"]
[PlyCount "48"]
[EventDate "2015.06.28"]
[EventType "swiss"]
[EventRounds "9"]
[EventCountry "COL"]
[SourceTitle "EXT 2016"]
[Source "ChessBase"]
[SourceDate "2015.10.08"]
[SourceVersion "1"]
[SourceVersionDate "2015.10.08"]
[SourceQuality "1"]

1. c4 Nf6 2. Nc3 e6 3. g3 d5 4. cxd5 exd5 5. d4 c6 6. Bg2 Bf5 7. Nf3 Nbd7 8. 0-0 Bd6 9. Nh4 Bg6 10. Bg5 0-0 11. Nxg6 hxg6 12. e4 dxe4 13. Nxe4 Be7 14. Nxf6+ Bxf6 15. Be3 Nb6 16. Qb3 Qd7 17. Be4 Nd5 18. Bxd5 cxd5 19. Kg2 Rac8 20. Rac1 b6 21. Rc3 Rxc3 22. Qxc3 Rc8 23. Qd2 Qc6 24. Re1 Qc2 1/2-1/2